000 00554nam a22001937a 4500
003 CEME
005 20210628203550.0
008 210121b xxu||||| |||| 00| 0 eng d
020 _a978-818128-6628
040 _cceme
082 _a539.7 PAR
100 _aRith, Klaus, Povh, Bogdan, Scholz, Christoph
_966284
245 _aParticles and nuclei, an intorduction to the physical concepts
250 _a2ND
260 _aNEW DELHI
_bISLAMIC PUBLICATIONS, SPRINGER
_c1999
300 _aXII,389 P
650 _aNUCLEAR PHYSICS.
_9259
942 _cBK
_2ddc
999 _c574267
_d574267